The medical student's survival guide 2: going clinical (Record no. 32046)
[ view plain ]
| 000 -LEADER | |
|---|---|
| fixed length control field | 00566nam a2200133 a 4500 |
| 008 - FIXED-LENGTH DATA ELEMENTS--GENERAL INFORMATION | |
| fixed length control field | 151130s2007 ||||||||||||||||| || u |
| 020 ## - INTERNATIONAL STANDARD BOOK NUMBER | |
| International Standard Book Number | 9781846192135 |
| 050 ## - LIBRARY OF CONGRESS CALL NUMBER | |
| Classification number | R737 Cot |
| 100 ## - MAIN ENTRY--PERSONAL NAME | |
| Personal name | Cottrell, Elizabeth |
| 245 14 - TITLE STATEMENT | |
| Title | The medical student's survival guide 2: going clinical |
| Statement of responsibility, etc. | By Elizabeth Cottrell |
| 260 ## - PUBLICATION, DISTRIBUTION, ETC. | |
| Place of publication, distribution, etc. | Oxford |
| Name of publisher, distributor, etc. | Radcliffe Publishing Ltd |
| Date of publication, distribution, etc. | 2007 |
| 300 ## - PHYSICAL DESCRIPTION | |
| Extent | xi, 154p.: |
| 995 ## - | |
| -- | MICHAEL CHILUFYA SATA OPEN ACCESS |
| -- | 903171 |
| -- | CBU-SCHOOL OF MEDICINE LIBRARY (Ndola) |
| -- | 25.95 |
| -- | R737 Cot |
| -- | 1 |
| -- | AVAILABLE |
| -- | Dec 14, 2015 |
| -- | 903171 |
| -- | Medical Library Open Access Collection |
| 999 ## - | |
| -- | 32046 |
| -- | 32046 |
| Withdrawn status | Lost status | Source of classification or shelving scheme | Damaged status | Not for loan | Permanent Location | Current Location | Shelving location | Date acquired | Total Checkouts | Full call number | Barcode | Date last seen | Price effective from | Koha item type |
|---|---|---|---|---|---|---|---|---|---|---|---|---|---|---|
| CBU-SCHOOL OF MEDICINE LIBRARY, NDOLA. | CBU-SCHOOL OF MEDICINE LIBRARY, NDOLA. | 11/30/2022 | R737 Cot | 903171 | 11/30/2022 | 11/30/2022 | MONOGRAPH |